zgadnij miejscowość - Statystyki

Ogólne statystyki
  • Ten quiz został rozwiązany 24 razy
  • Średni wynik to 7 z 15
Statystyki odpowiedzi
Wskazówka Odpowiedź % Poprawnych
Stolica polski Warszawa
100%
Stolica województwa podlaskiego Białystok
95%
Największa miejscowość pod względem ludności na litere "K" Kraków
80%
Największa miejscowość pod względem ludności na litere "L" Lublin
80%
Stolica województwa Zachodniopomorskiego Szczecin
80%
Największa miejscowość w polsce po zniszczeniu warszawy Łódź
70%
Stolica powiatu człuchowskiego Człuchów
65%
Najbardziej wysunięta na północ mjejscowość Jastrzębia góra
40%
Stolica Powiatu Gdańskiego Pruszcz Gdańśki
35%
Stolica województwa Augustowskiego w 1815 Suwałki
30%
Największa miejscowość nad nogatem Malbork
20%
Największa miejscowość nad jeziorem wadąg Wadąg
10%
Składa się z części miasta :grunowo,dolina,zamieście,igły,małe osady,podlesie Chojnice
5%
Stolica największej gminy w polsce Pisz
5%
Najmniejsza mjejscowość w województwie dolnośląskim w 1999 Pawłowice Małe
0%
Nie znaleziono quizów pasujących do podanych kryteriów
Rozkład punktacji
Procent ludzi z każdym wynikiem
Percentyl według liczby udzielonych odpowiedzi
Twoja historia wyników
Nie rozwiązałeś tego quizu